000 00658nam a2200253Ia 4500
003 OSt
005 20221007065316.0
006 a|||||r|||| 00| 0
007 ta
008 221006b |||||||| |||| 00| 0 eng d
024 _a7,028
037 _cTextual
040 _aFLL
_cFLL
_beng
041 _2eng
_aeng
082 _a2:8, M7
100 _aKumar Krishan Au.
_9686832
245 0 _aLibrary administration and management
250 _a1st
260 _aDelhi
_bVikas pub. house India
_c1987
300 _avii,200p
_ccm.
650 _aLibrary science
942 _h2:8, M7
_cTEXL
_2CC
999 _c1136940
_d1136940